000 01177cam a2200313 a 4500
001 13617677
003 OSt
005 20230629132449.0
008 040330s2004 ke b 100 0 eng
010 _a 2004360031
020 _a9966958495
035 _a(DLC) 2004360031
040 _aDLC
_cDLC
042 _alcode
043 _af-ke---
050 0 0 _aKSK3441
_b.A67 2004
082 _a347.3
_bKSICJ
245 0 0 _aJudicial reform and administration of justice in Kenya :
_bthe way forward : report of a symposium on the judiciary, held on 15th January 2004 at the Stanley Hotel, Nairobi /
_csupported by GTZ.
260 _aNairobi :
_bKenya Section of the International Commission of Jurists,
_cc2004.
300 _a70 p. ;
_c21 cm.
504 _aIncludes bibliographical references (p. 50).
650 0 _aCourts
_zKenya
_vCongresses.
650 0 _aJustice, Administration of
_zKenya
_vCongresses.
710 2 _aDeutsche Gesellschaft für Technische Zusammenarbeit.
710 2 _aInternational Commission of Jurists (1952- ).
_bKenya Section.
906 _a7
_bcbc
_corigode
_d3
_encip
_f20
_gy-gencatlg
942 _2ddc
_cBK
999 _c3063
_d3063